| 000 | 00434nam a2200205Ia 4500 | ||
|---|---|---|---|
| 001 | 004368 | ||
| 003 | YMCAF | ||
| 005 | 20230512160258.0 | ||
| 008 | 100717s1966 ||||||||||||||||| ||und|d | ||
| 024 | _a4368 | ||
| 035 | _a4368 | ||
| 040 |
_aYMCAF _beng _cIN-KoLT |
||
| 041 | _aeng | ||
| 082 | _aCON-KAP | ||
| 100 | _aKAPOOR D.C. | ||
| 245 | 0 | _aCONCEPTS OF DIFFERENT CALCULUS | |
| 260 | _c1966 | ||
| 300 | _a192 | ||
| 942 |
_2ddc _cBK |
||
| 999 |
_c3475 _d3475 |
||